Janusz Walczuk - Janusz Walczuk - Statystyki

Ogólne statystyki
  • Ten quiz został rozwiązany 103 razy
  • Średni wynik to 9 z 16
Statystyki odpowiedzi
Numer Gość Utwór % Poprawnych
3. Janusz Walczuk
95%
10. Young Igi Amsterdam
84%
4. Jan-rapowanie 22
73%
8. Offside
68%
5. Smolasty Łakomy kąsek
62%
1. Cześć, jestem Jaś
58%
13. Białas Adios
57%
9. Katarzyna Kowalczyk Muszę o siebie dbać
54%
14. Wracam na Żoliborz
54%
7. Levvska MDK
53%
11. Young Leosia Nie wiem jak
46%
12. Garson Cały czas coś
44%
2. Tak mi ucieka czas
43%
6. Zobacz
40%
(Bonus Track) Inakoma
15%
(Bonus Track) Sukces Freestyle
14%
Nie znaleziono quizów pasujących do podanych kryteriów
Rozkład punktacji
Procent ludzi z każdym wynikiem
Percentyl według liczby udzielonych odpowiedzi
Twoja historia wyników
Nie rozwiązałeś tego quizu